[Event "CHES OF THE FULL MOON UNDER 1400 points"]
[Site "SchemingMind.com"]
[Date "2017.04.11"]
[Round "-"]
[White "Henk Miedema"]
[Black "Arthur Wilding"]
[Result "0-1"]
[WhiteCountry "NED"]
[BlackCountry "WLS"]
[WhiteElo "975"]
[WhiteRD "62"]
[BlackElo "1237"]
[BlackRD "72"]
[GameID "412723"]

1. d4 d5 2. Nc3 Nf6 3. Bf4 a6 4. b3 e6 5. e3 h6 6. Be2 Ne4 7. Nf3 Nxc3 8. Qd2 Nxe2 9. Qxe2 Nc6 10. O-O Bd6
11. c4 O-O 12. g3 Re8 13. c5 Bxf4 14. exf4 Bd7 15. Qe3 Nb4 16. Qc3 Nc6 17. a4 b6 18. Qc2 Nb4 19. Qd2 a5 20. Rfc1 Nc6
21. Re1 Ne7 22. Qd3 bxc5 23. Ne5= cxd4 24. Ng4 Nc6 25. Qb5 Ne5 26. Qe2 Nxg4 27. Qxg4 e5 28. Qf3 exf4 29. Qxf4 Be6 30. Qxd4 Rb8
31. Rab1 Re7 32. Qd3 g6 33. Qe3= Kh7 34. Kg2= Bh3+ 35. Kxh3 Rxe3 36. fxe3 Qd7+ 37. Kg2 Qg4 38. Rf1 Qe4+ 39. Kh3 Rf8 40. Rbe1 h5
41. Rf6 Qd3 42. Rc6 Qf5+ 43. Kg2 Rc8 44. Ra6 Qe4+ 45. Kh3 d4 46. Rxa5 c5 47. Ra7 Qf5+ 48. Kg2 Re8 49. Rb7 Rf8 50. e4 Qg4
51. Rc7 h4 52. Rxc5 d3 53. Rc4 h3+ 54. Kg1 Rd8 55. Kf2 d2 56. Rc7 dxe1=Q+ 57. Kxe1 Qxe4+ 58. Kf2 Rd2+
0-1

[Event "CHES OF THE FULL MOON UNDER 1400 points"]
[Site "SchemingMind.com"]
[Date "2017.04.11"]
[Round "-"]
[White "Arthur Wilding"]
[Black "surfnsuds"]
[Result "1-0"]
[WhiteCountry "WLS"]
[BlackCountry "USA"]
[WhiteElo "1268"]
[WhiteRD "73"]
[BlackElo "1305"]
[BlackRD "83"]
[GameID "412729"]

1. d4 Nf6 2. e3 d5 3. Nc3 e6 4. Bb5+ c6 5. Be2 Bd6 6. Nf3 O-O 7. O-O Qc7 8. g3 e5 9. dxe5 Bxe5 10. Nxe5 Qxe5
11. Bd2 d4 12. exd4 Ne4 13. dxe5 Ng5 14. Bxg5 Bh3 15. Re1 Nd7 16. Bf4 Rae8 17. Qd2 Nxe5 18. Bxe5 Rxe5 19. Bf1 Bxf1 20. Rxf1 Rfe8
21. Rfe1 R5e6 22. Rxe6 fxe6 23. Ne4 Kf8 24. Qd6+
1-0

[Event "CHES OF THE FULL MOON UNDER 1400 points"]
[Site "SchemingMind.com"]
[Date "2017.04.11"]
[Round "-"]
[White "surfnsuds"]
[Black "Henk Miedema"]
[Result "1-0"]
[WhiteCountry "USA"]
[BlackCountry "NED"]
[WhiteElo "1305"]
[WhiteRD "83"]
[BlackElo "952"]
[BlackRD "65"]
[GameID "412730"]

1. d4 d5 2. c4 Nc6 3. c5 e6 4. Nf3 Be7 5. h4 Nh6 6. g3 O-O 7. Bxh6 Re8 8. Bg5 b6 9. Nc3 Nb4 10. Qb3 Nc6
11. Bg2 Qd7 12. O-O-O Qd8 13. Bh3 bxc5 14. dxc5 Bxc5 15. Bxd8 Rxd8 16. Qb5 Bxf2 17. Qxc6 Rb8 18. Qxc7 Ba6 19. Ne5 Bxg3 20. Qxf7+ Kh8
21. Bxe6 d4 22. Ng6+ hxg6 23. Qxg6 Bf4+ 24. Kb1 Bb7 25. Rhg1 Bc6 26. Qxg7#
1-0

[Event "CHES OF THE FULL MOON UNDER 1400 points"]
[Site "SchemingMind.com"]
[Date "2017.04.20"]
[Round "-"]
[White "surfnsuds"]
[Black "wight knight"]
[Result "1-0"]
[WhiteCountry "USA"]
[BlackCountry "ENG"]
[WhiteElo "1419"]
[WhiteRD "80"]
[BlackElo "1367"]
[BlackRD "61"]
[GameID "413067"]

1. d4 Nc6 2. Bg5 f6 3. Bf4 e5 4. Be3 Bb4+ 5. c3 Ba5 6. Nf3 d5 7. Qa4 Bd7 8. dxe5 Nxe5 9. Qxa5 Nc4 10. Qxd5 Nxe3
11. fxe3 Bc6 12. Qxd8+ Rxd8 13. Nd4 Be4 14. Nd2 Bd5 15. e4 Bxe4 16. Nxe4 Ne7 17. Ne6 Rd7 18. Rd1 Nd5 19. N4c5 Rd6 20. Nxc7+ Kd8
21. Nxd5 Rb6 22. Nxb6+ Kc7 23. Nbd7 b6 24. Na6+ Kb7 25. e4 Re8 26. Bb5 Rxe4+ 27. Kf2 Rf4+ 28. Kg3 g5 29. Rd6 f5 30. Nab8 h5
31. Bc6+ Kc7 32. Rhd1 h4+ 33. Kh3 b5 34. Na6+ Kc8 35. Ndb8 b4 36. Rd8#
1-0

[Event "CHES OF THE FULL MOON UNDER 1400 points"]
[Site "SchemingMind.com"]
[Date "2017.04.19"]
[Round "-"]
[White "wight knight"]
[Black "Arthur Wilding"]
[Result "1-0"]
[WhiteCountry "ENG"]
[BlackCountry "WLS"]
[WhiteElo "1367"]
[WhiteRD "61"]
[BlackElo "1237"]
[BlackRD "72"]
[GameID "413068"]

1. e4 e5 2. Bc4 d6 3. Qf3 Nf6 4. d3 Nc6 5. c3 Bg4 6. Qe3 Nd4 7. cxd4 Be6 8. Bxe6 fxe6 9. Qe2 exd4 10. f3 Be7
11. Bg5 h6 12. Bxf6 Bxf6 13. Na3 O-O 14. g3 e5 15. f4 a6 16. fxe5 dxe5 17. Rc1 Qe7 18. h4 Rac8 19. h5 Bg5 20. Rc4 c5
21. Nh3 b6 22. Nxg5 hxg5 23. h6 g6 24. h7+ Kh8 25. Qh2 Rf7 26. Qh3 Rc7 27. Rc2 b5 28. Nb1 Rf8 29. Rf2 Rf7 30. Rxf7 Qxf7
31. Qf1 Qf6 32. Qxf6+ Rg7 33. Qf8+ Rg8 34. Qxg8#
1-0

[Event "CHES OF THE FULL MOON UNDER 1400 points"]
[Site "SchemingMind.com"]
[Date "2017.04.19"]
[Round "-"]
[White "Henk Miedema"]
[Black "wight knight"]
[Result "0-1"]
[WhiteCountry "NED"]
[BlackCountry "ENG"]
[WhiteElo "975"]
[WhiteRD "62"]
[BlackElo "1367"]
[BlackRD "61"]
[GameID "413069"]

1. b3 e5 2. Bb2 Qf6 3. d4 Nh6 4. e3 d6 5. Bc4 Be6 6. Qe2 Bg4 7. Qd2 exd4 8. Na3 Nc6 9. Bxd4 Nxd4 10. h3 Bf5
11. exd4 O-O-O 12. Ne2 d5 13. Bd3 Bxd3 14. Qxd3 Bxa3 15. O-O Bd6 16. Nc3 Ba3 17. Rfe1 Bb2 18. Rab1 Bxc3 19. Qxc3 Rhe8 20. f3 Rxe1+
21. Rxe1 Qc6 22. Qd3 g6 23. Qd2 Nf5 24. c3 Re8 25. g4 Rxe1+ 26. Qxe1 Ng7 27. Qe5 Ne8 28. Kh2 b5 29. Qe1 a5 30. h4 Qe6
31. Qf2 f5 32. b4= fxg4 33. bxa5 gxf3 34. Qxf3 Nf6 35. Qg3 Ng4+ 36. Kg2 Qe4+ 37. Kh3 Ne3 38. a6 Qh1+ 39. Qh2 Qxh2+ 40. Kxh2 Kb8
41. Kh3 Nd1 42. Kg4 Nxc3 43. h5 gxh5+ 44. Kxh5 Nxa2 45. Kh6 b4 46. Kxh7 b3 47. Kg7 b2 48. Kf7 b1=Q 49. Ke6 Qb6+ 50. Kxd5 Qd6+
51. Ke4 Qxa6 52. Ke5 c5 53. dxc5 Qd3 54. c6 Kc7 55. Ke6 Kxc6 56. Kf6 Qe4 57. Kf7 Kd7 58. Kf6 Qe6+ 59. Kg5 Qf7 60. Kg4 Ke6
61. Kg3 Ke5 62. Kg4 Qf4+
0-1

[Event "CHES OF THE FULL MOON UNDER 1400 points"]
[Site "SchemingMind.com"]
[Date "2017.05.05"]
[Round "-"]
[White "surfnsuds"]
[Black "nammy"]
[Result "1-0"]
[WhiteCountry "USA"]
[BlackCountry "ENG"]
[WhiteElo "1419"]
[WhiteRD "80"]
[BlackElo "924"]
[BlackRD "60"]
[GameID "413652"]

1. d4 d5 2. c4 dxc4 3. Nf3 e6 4. e4 Ne7 5. Bxc4 c6 6. O-O Nd7 7. Bg5 Nb6 8. Nbd2 f6 9. Bf4 Ng6 10. Be3 Bd6
11. Re1 a6 12. Qb3 O-O 13. Bxe6+ Kh8 14. Bxc8 Rxc8 15. Nc4 Bc7 16. Nxb6 Rb8 17. Na4 b5 18. Nc5 Qc8 19. Rad1 Qd8 20. Ne6 Qe7
21. Nxf8 Nxf8 22. d5 c5 23. Qa3 Qd6 24. Bxc5 Qd7 25. Bxf8 g6 26. e5 f5 27. e6 Qc8 28. e7 Rb7 29. e8=Q Bd8 30. Bh6#
1-0

[Event "CHES OF THE FULL MOON UNDER 1400 points"]
[Site "SchemingMind.com"]
[Date "2017.05.04"]
[Round "-"]
[White "nammy"]
[Black "Arthur Wilding"]
[Result "1-0"]
[WhiteCountry "ENG"]
[BlackCountry "WLS"]
[WhiteElo "938"]
[WhiteRD "63"]
[BlackElo "1237"]
[BlackRD "74"]
[GameID "413653"]

1. d4 d5 2. Nc3 Nf6 3. f3 Nc6 4. e3 e6 5. Bd3 Be7 6. Bd2 O-O 7. Qe2 Nb4 8. e4 dxe4 9. fxe4 Nxd3+ 10. cxd3 Bb4
11. Be3 Bxc3+ 12. bxc3 Bd7 13. h3 Re8 14. g3 c6 15. Nf3 h6 16. O-O a5 17. Ne5 a4 18. g4 Qa5 19. Qc2 Re7 20. Rab1 Ra7
21. h4 Qd8 22. Qe2 Ra5 23. Nc4 Rb5 24. Rbc1 Ne8 25. Rf2 Qc8 26. Bd2 Nc7 27. Na3 Ne8 28. c4 Rb6 29. c5 Rb2 30. Ra1 Nc7
31. Rff1 Na6 32. Rfd1 Qc7 33. Qf3 Qd8 34. Nc4 Re8 35. Nxb2 Qxh4 36. Nc4 g5 37. Kf1 Kg7 38. Ba5 Rf8 39. Ke2 Qh2+ 40. Ke3 Qb8
41. Rf1 Be8 42. Be1 Nb4 43. a3 Nc2+ 44. Kd2 Nxa1 45. Bf2 Nb3+ 46. Ke3 Nxd4 47. Kxd4 b5 48. Nd2 Qd8+ 49. Kc3 Qa5+ 50. Kc2 b4
51. Nb1 Qxc5+ 52. Bxc5 b3+ 53. Kd2 Rg8 54. Bd4+ Kh7 55. Rh1 Rg6 56. Nc3 b2 57. Nxa4 Rg8 58. Qf6 Rg6 59. Qf3 Kg8 60. Nxb2 Kh7
61. a4 Kg8 62. a5 Bd7 63. Rf1 Be8 64. a6 c5 65. Bxc5 Rg7 66. a7 Bc6 67. a8=Q+ Bxa8 68. Rh1 Kh7 69. Qh3 Bc6 70. Qxh6+ Kg8
71. Qh8#
1-0

[Event "CHES OF THE FULL MOON UNDER 1400 points"]
[Site "SchemingMind.com"]
[Date "2017.05.05"]
[Round "-"]
[White "nammy"]
[Black "wight knight"]
[Result "0-1"]
[WhiteCountry "ENG"]
[BlackCountry "ENG"]
[WhiteElo "938"]
[WhiteRD "63"]
[BlackElo "1371"]
[BlackRD "61"]
[GameID "413654"]

1. d4 Nc6 2. Nf3 f6 3. Be3 e5 4. c3 e4 5. Nfd2 f5 6. g3 g5 7. Bh3 g4 8. Bg2 Nf6 9. O-O b5 10. b3 h5
11. a3 Bh6 12. f4 gxf3 13. Bf2 fxg2 14. Kxg2 Rg8 15. e3 Ng4 16. Bg1 Bxe3 17. Rxf5 Bxg1 18. Qxg1 h4 19. Rxb5 h3+ 20. Kxh3 d6
21. Nxe4 a6 22. Rd5 Nf6+ 23. g4 Nxd5 24. c4 Nf4+ 25. Kg3 Rxg4+ 26. Kf2 Rxg1 27. Kxg1 Nxd4 28. b4 Bf5 29. Ng3 Bxb1 30. Rxb1 Nde2+
31. Nxe2 Nxe2+ 32. Kf1 Qe7 33. h3 Nc3 34. Rc1 Ne4 35. Rb1 Nd2+ 36. Kg1 Nxb1 37. a4 O-O-O 38. b5 Qe3+ 39. Kg2 Rg8+ 40. Kh2 Qg1#
0-1

[Event "CHES OF THE FULL MOON UNDER 1400 points"]
[Site "SchemingMind.com"]
[Date "2017.05.05"]
[Round "-"]
[White "Henk Miedema"]
[Black "nammy"]
[Result "0-1"]
[WhiteCountry "NED"]
[BlackCountry "ENG"]
[WhiteElo "975"]
[WhiteRD "62"]
[BlackElo "924"]
[BlackRD "60"]
[GameID "413655"]

1. d4 d5 2. Nf3 f6 3. e3 e6 4. Nc3 Qe7 5. Bb5+ c6 6. Bd3 Kd8 7. O-O Qd7 8. Qe2 a6 9. a4 Bd6 10. b3 Ne7
11. a5 Bc7 12. b4 Qd6 13. Ne1 h5 14. f3 Qxb4 15. Nb1 Bd7 16. Ra4 Qxa4 17. e4 Qa1 18. Bd2 Qxb1 19. c3 Bxa5 20. Bxb1 Bc7
21. Nd3 a5 22. e5 f5 23. Qf2 Na6 24. Qh4 Ke8 25. Qg5 Rh7 26. Qg3 Rb8 27. Nf4 b5 28. Qh3 Bc8 29. Nxh5 g6 30. Bg5 Ng8
31. Bf6 b4 32. g4 bxc3 33. Bg5 Rb2 34. Qg3 c2 35. Bf6 cxb1=Q 36. Ng7+ Kd7 37. h4 Ra2 38. Nxe6 Kxe6 39. Bg5 Qb2 40. Bc1 Qc2
41. Bf4 Ne7 42. Bg5 Bb7 43. Qf4 Qg2#
0-1

[Event "CHES OF THE FULL MOON UNDER 1400 points"]
[Site "SchemingMind.com"]
[Date "2017.05.19"]
[Round "-"]
[White "dode"]
[Black "surfnsuds"]
[Result "0-1"]
[WhiteCountry "SCO"]
[BlackCountry "USA"]
[WhiteElo "912"]
[WhiteRD "94"]
[BlackElo "1401"]
[BlackRD "76"]
[GameID "414116"]

1. d4 Nf6 2. Nf3 d5 3. Nc3 g6 4. e3 Nc6 5. g4 Bxg4 6. h3 Bf5 7. h4 Nb4 8. Bh3 Nxc2+ 9. Kd2 Nxa1 10. Qa4+ c6
11. Ne5 b5 12. Qa6 Nd7 13. Qxc6 f6 14. Nf3 Qa5 15. a3 Bxh3 16. Rxh3 Nb3+ 17. Kc2 Nxc1 18. Kxc1 Qb6 19. Qxd5 Rb8 20. Nd2 b4
21. Nc4 Qb7 22. Nd6+ exd6 23. Qe6+ Kd8 24. Rf3 Qxf3 25. Qd5 Qxf2 26. Qa5+ Rb6 27. Qxa7 b3 28. Qa8+ Nb8 29. Qa5 Qxe3+ 30. Kb1 Qe1+
0-1

[Event "CHES OF THE FULL MOON UNDER 1400 points"]
[Site "SchemingMind.com"]
[Date "2017.05.19"]
[Round "-"]
[White "nammy"]
[Black "dode"]
[Result "1-0"]
[WhiteCountry "ENG"]
[BlackCountry "SCO"]
[WhiteElo "938"]
[WhiteRD "63"]
[BlackElo "912"]
[BlackRD "94"]
[GameID "414117"]

1. d4 Nf6 2. f3 d5 3. Be3 Bf5 4. Na3 e6 5. Bf4 Nc6 6. Qd2 Bb4 7. c3 Ba5 8. h3 Nh5 9. Be3 Qd6 10. Nb5 Qg3+
11. Kd1 a6 12. Na3 b5 13. b3 b4 14. Nc2 bxc3 15. Qc1 h6 16. a3 Rb8 17. b4 Bb6 18. Ne1 Bxd4 19. Nc2 Bxe3 20. Qxe3 e5
21. Qxc3 Nf4 22. Qxc6+ Bd7 23. e3 Nxg2 24. Qxd5 Qf2 25. Ne2 Qxf3 26. Qxe5+ Kd8 27. Kc1 Ba4 28. Ned4 Qf6 29. Qd5+ Ke8 30. Bxg2 c6
31. Qc5 Rb5 32. Qa7
1-0

[Event "CHES OF THE FULL MOON UNDER 1400 points"]
[Site "SchemingMind.com"]
[Date "2017.05.19"]
[Round "-"]
[White "Arthur Wilding"]
[Black "dode"]
[Result "1-0"]
[WhiteCountry "WLS"]
[BlackCountry "SCO"]
[WhiteElo "1237"]
[WhiteRD "74"]
[BlackElo "912"]
[BlackRD "94"]
[GameID "414118"]

1. d4 Nf6 2. e3 c6 3. Nc3 d5 4. Nf3 Bf5 5. Be2 Qd6 6. O-O Na6 7. a3 b5 8. b4 e6 9. Ne5 g5 10. Bh5 h6
11. Ne2 Rc8 12. Bxf7+ Ke7 13. Bh5 Nxh5 14. g4 Bxg4 15. Ng6+ Kf6 16. Nxh8 Be7 17. f3 Bh3 18. Rf2 Rxh8 19. Bd2 Kg6 20. Nc3 e5
21. Ne2 g4 22. fxg4 Bxg4 23. h3 Bxh3 24. Nc3 e4 25. Ne2 Bd8 26. Nf4+ Kg7 27. Nxh5+ Kg6 28. Nf4+ Kg7 29. Nh5+ Kg6 30. Nf4+ Kf5
31. Qh5+ Bg5 32. Nxh3+ Ke6 33. Nxg5+ Ke7 34. Qh4 Qg6 35. Rf7+ Qxf7 36. Nxf7+ Kxf7 37. Rf1+ Ke6 38. Qh5 c5 39. Qg6+ Kd7 40. Rf7+ Kd8
41. Qd6+ Kc8 42. Qc6+ Kb8 43. Qb7#
1-0

[Event "CHES OF THE FULL MOON UNDER 1400 points"]
[Site "SchemingMind.com"]
[Date "2017.05.19"]
[Round "-"]
[White "wight knight"]
[Black "dode"]
[Result "1-0"]
[WhiteCountry "ENG"]
[BlackCountry "SCO"]
[WhiteElo "1371"]
[WhiteRD "61"]
[BlackElo "912"]
[BlackRD "94"]
[GameID "414119"]

1. e4 c5 2. Bc4 e6 3. Qf3 Nf6 4. d3 Nc6 5. c3 d5 6. Bb5 a6 7. Bxc6+ bxc6 8. Bg5 h6 9. Bxf6 gxf6 10. exd5 cxd5
11. Nd2 Qb6 12. Qxf6 Rh7 13. b3 Be7 14. Qf3 f5 15. Qh5+ Kd7 16. Qg6 Rh8 17. g4 f4 18. Ngf3 Bb7 19. Ne5+ Kd6 20. Nf7+ Kc6
21. Nxh8 Bh4 22. Nf7 a5 23. Qxe6+ Kc7 24. Qxb6+ Kxb6 25. Nxh6 Re8+ 26. Kd1 Bxf2 27. Kc2 d4 28. c4 Re2 29. Rhf1 Bg2 30. Rfb1 Be3
31. Kb2 Rxd2+ 32. Ka3 Bc6 33. Nf5 Bf2 34. Rf1 Rxd3 35. Rxf2 a4 36. Rb1 axb3 37. Rxb3+ Kc7 38. Rxf4 Rd2 39. Rh3 Rg2 40. Rh7+ Kb6
41. Ne7 Rc2 42. Rf6 Rxc4 43. Nd5+ Ka6 44. Rxc6+ Kb5 45. Rb6+ Ka5 46. Ra7#
1-0

[Event "CHES OF THE FULL MOON UNDER 1400 points"]
[Site "SchemingMind.com"]
[Date "2017.05.18"]
[Round "-"]
[White "dode"]
[Black "Henk Miedema"]
[Result "0-1"]
[WhiteCountry "SCO"]
[BlackCountry "NED"]
[WhiteElo "912"]
[WhiteRD "94"]
[BlackElo "968"]
[BlackRD "65"]
[GameID "414120"]

1. d4 d5 2. Nf3 Nf6 3. Nc3 e6 4. e3 Bd6 5. Bb5+ c6 6. Bd3 O-O 7. a3 Ng4 8. h3 Nf6 9. e4 Qe7 10. g3 c5
11. b4 a6 12. e5 Nfd7 13. h4 c4 14. Be2 Bc7 15. Bg5 Qe8 16. Qd2 b5 17. a4 Nc6 18. Qf4 a5 19. Rb1 axb4 20. Nxd5 Rxa4
21. g4 Ba5 22. Be7 Nxe7 23. Ne3 b3+ 24. Kd1 Bb7 25. Rh3 Ng6 26. Qg3 bxc2+ 27. Kxc2 Ra2+ 28. Kc1 Bd2+ 29. Kd1 Qa8 30. Ng5 Qa3
31. h5 Rb2 32. Rxb2 Qxb2 33. Bd3 Qc3 34. Ke2 b4 35. hxg6 Qxd3+ 36. Kd1 c3 37. Nxh7 Qb1+ 38. Ke2 c2 39. f4 Rc8 40. Qh4 c1=Q
41. Kf2 Qe1#
0-1

[Event "CHES OF THE FULL MOON UNDER 1400 points"]
[Site "SchemingMind.com"]
[Date "2017.05.19"]
[Round "-"]
[White "Kenny Elliott"]
[Black "surfnsuds"]
[Result "1-0"]
[WhiteCountry "USA"]
[BlackCountry "USA"]
[WhiteElo "1537"]
[WhiteRD "71"]
[BlackElo "1401"]
[BlackRD "76"]
[GameID "414123"]

1. d4 Nf6 2. Nf3 d5 3. Bg5 e6 4. e3 c5 5. Bb5+ Bd7 6. Bxd7+ Nbxd7 7. O-O Qc7 8. Bxf6 Nxf6 9. Qd3 c4 10. Qc3 Ne4
11. Qe1 Bd6 12. c3 Nf6 13. h3 e5 14. dxe5 Bxe5 15. Nxe5 Qxe5 16. Nd2 O-O 17. Nf3 Qd6 18. b3 Ne4 19. bxc4 Rac8 20. cxd5 Qxd5
21. Rd1 Qxa2 22. Rd4 Nxc3 23. Rd2 Qa6 24. Rc2 Qc6 25. Kh1 Rfd8 26. Qa1 Qf6 27. Nd4 Ne4 28. Rxc8 Rxc8 29. Qe1 Rc5 30. f3 Nd6
31. Qg3 a5 32. Nf5 Rxf5 33. Rd1 Ne8 34. Qb8 Qe7 35. Rd8 Re5 36. e4 g6 37. Kh2 b5 38. Qc8 Kg7 39. Rd7 Qe6 40. Qb7 Kf6
41. Qc8 Nd6 42. Qd8+ Kg7 43. Rxd6 Qa2 44. Qf6+ Kf8 45. Qxe5
1-0

[Event "CHES OF THE FULL MOON UNDER 1400 points"]
[Site "SchemingMind.com"]
[Date "2017.05.19"]
[Round "-"]
[White "dode"]
[Black "Kenny Elliott"]
[Result "0-1"]
[WhiteCountry "SCO"]
[BlackCountry "USA"]
[WhiteElo "912"]
[WhiteRD "94"]
[BlackElo "1537"]
[BlackRD "71"]
[GameID "414124"]

1. d4 d5 2. c3 Nf6 3. Nf3 Bg4 4. h3 Bxf3 5. gxf3 Qd6 6. Na3 Nbd7 7. Qd3 a6 8. h4 e6 9. b4 Be7 10. Bh3 Nh5
11. e4 e5 12. Nc2 Nf4 13. Qd2 Bxh4 14. Ne3 Qg6 15. Qc2 Nxh3 16. Rxh3 Qg1+ 17. Nf1 Bg5 18. Qe2 O-O-O 19. Rh5 Bxc1 20. Rxc1 g6
21. Rh2 Qg5 22. Qd2 Qg1 23. Rh6 dxe4 24. fxe4 exd4 25. cxd4 Ne5 26. Qf4 Nd3+ 27. Ke2 Nxf4+ 28. Kf3 Nd3 29. Rd1 Qxf2+ 30. Kg4 Qf4+
31. Kh3 Nf2+ 32. Kg2 Nxd1 33. Ng3 Qf2+ 34. Kh3 Rxd4 35. Rh4 Qf3 36. Kh2 Rd2+ 37. Kh3 Nf2+ 38. Kh2 Nxe4+ 39. Kh3 Qxg3#
0-1

[Event "CHES OF THE FULL MOON UNDER 1400 points"]
[Site "SchemingMind.com"]
[Date "2017.05.18"]
[Round "-"]
[White "Kenny Elliott"]
[Black "nammy"]
[Result "1-0"]
[WhiteCountry "USA"]
[BlackCountry "ENG"]
[WhiteElo "1537"]
[WhiteRD "71"]
[BlackElo "938"]
[BlackRD "63"]
[GameID "414125"]

1. d4 d5 2. c4 dxc4 3. Nc3 e6 4. e4 Ne7 5. Nf3 Nec6 6. Bxc4 Ne7 7. Bf4 Na6 8. O-O Ng6 9. Bd2 Be7 10. Bb5+ c6
11. Bxa6 bxa6 12. Bf4 O-O 13. Qe2 f6 14. Rad1 Nxf4 15. Qe3 Nh5 16. e5 f5 17. Rd3 f4 18. Qe4 Bd7 19. Rfd1 h6 20. Ne2 Qb8
21. b3 Qb5 22. Qg6 Qb4 23. Qxh5 Qa3 24. Nxf4 Qxa2 25. Ng6 Rfe8 26. g4 Bd8 27. h4 Bc8 28. g5 Rb8 29. gxh6 Rb4 30. hxg7 Kxg7
31. Ng5 Bb6 32. Rf3 c5 33. Qh7#
1-0

[Event "CHES OF THE FULL MOON UNDER 1400 points"]
[Site "SchemingMind.com"]
[Date "2017.05.18"]
[Round "-"]
[White "Arthur Wilding"]
[Black "Kenny Elliott"]
[Result "1/2-1/2"]
[WhiteCountry "WLS"]
[BlackCountry "USA"]
[WhiteElo "1237"]
[WhiteRD "74"]
[BlackElo "1537"]
[BlackRD "71"]
[GameID "414126"]

1. d4 Nf6 2. e3 d5 3. Nf3 Bg4 4. Be2 Bxf3 5. Bxf3 e6 6. Nc3 Bb4 7. Bd2 O-O 8. a3 Bxc3 9. Bxc3 Nbd7 10. O-O c5
11. dxc5 Nxc5 12. Bxf6 Qxf6 13. Qd4 Qxd4 14. exd4 Nd7 15. c3 Nb6 16. Rfc1 Nc4 17. Rc2 b5 18. Ra2 Nd6 19. g3 a5 20. Kg2 a4
21. h4 h5 22. Bxh5 Ne4 23. Bf3 Nf6 24. h5 Rfe8 25. g4 Kh7 26. Kg3 e5 27. dxe5 Rxe5 28. Re2 Ne4+ 29. Kg2 Rae8 30. Bxe4+ Rxe4
31. Rxe4 Rxe4 32. Kf3 Kh6 33. Ra1 Kg5 34. Rd1 Rf4+ 35. Ke3 Kxg4 36. Rg1+ Kf5 37. Rd1 Ke5 38. Re1 Re4+ 39. Kd2 Rxe1 40. Kxe1 Kf5
41. Ke2 Kg5 42. Kd3 Kxh5 43. Kd4 g5 44. Kxd5 Kg4 45. c4 bxc4 46. Kxc4 Kf3 47. Kb4 g4 48. Kxa4 Kxf2 49. Kb3 g3 50. a4 g2
51. a5 g1=Q 52. Ka3 Qa1+ 53. Kb4 Qxb2+ 54. Kc5 Qc3+ 55. Kb5 Ke3 56. a6 Qe5+ 57. Kb6 Qb8+ 58. Ka5 Qa7 59. Kb5 Ke4 60. Kc4 Qxa6+
61. Kc3 Qd3+ 62. Kb2 Kd4 63. Kc1 Kc3
1/2-1/2

[Event "CHES OF THE FULL MOON UNDER 1400 points"]
[Site "SchemingMind.com"]
[Date "2017.05.18"]
[Round "-"]
[White "wight knight"]
[Black "Kenny Elliott"]
[Result "0-1"]
[WhiteCountry "ENG"]
[BlackCountry "USA"]
[WhiteElo "1371"]
[WhiteRD "61"]
[BlackElo "1537"]
[BlackRD "71"]
[GameID "414127"]

1. e4 c5 2. Bc4 d6 3. Qf3 Nf6 4. d3 Bg4 5. Qf4 e5 6. Qd2 Nc6 7. c3 Qd7 8. f3 Be6 9. Bxe6 Qxe6 10. Na3 O-O-O
11. Nh3 d5 12. Ng5 Qe7 13. b3 h6 14. Nh3 dxe4 15. fxe4 Nxe4 16. Qe2 Nxc3 17. Qg4+ Rd7 18. Qc4 e4 19. O-O exd3 20. Qxc3 Qd8
21. Nb5 Kb8 22. Bf4+ Ka8 23. Rfd1 Rg8 24. Nf2 g5 25. Be3 Bg7 26. Qxc5 Bxa1 27. Rxa1 d2 28. Rd1 f5 29. Nxa7 Rd5 30. Qc4 Nxa7
31. Bxa7 Kxa7 32. Qa4+ Ra5 33. Qc4 Re8 34. Kf1 Rxa2 35. Qc3 Qd6 36. Ra1 Qa6+ 37. Nd3 Rxa1+ 38. Kf2 Qb6+ 39. Kf3 Rf1+ 40. Kg3 Re3#
0-1

[Event "CHES OF THE FULL MOON UNDER 1400 points"]
[Site "SchemingMind.com"]
[Date "2017.05.18"]
[Round "-"]
[White "Kenny Elliott"]
[Black "Henk Miedema"]
[Result "1-0"]
[WhiteCountry "USA"]
[BlackCountry "NED"]
[WhiteElo "1537"]
[WhiteRD "71"]
[BlackElo "968"]
[BlackRD "65"]
[GameID "414128"]

1. d4 d5 2. c4 Nf6 3. Nc3 Nc6 4. Nf3 e6 5. Bg5 Be7 6. Bxf6 Bxf6 7. e3 O-O 8. cxd5 exd5 9. Bb5 Ne7 10. Qb3 Nf5
11. Nxd5 Be7 12. Nxe7+ Qxe7 13. Ne5 Nh4 14. O-O Be6 15. Qc3 Qg5 16. g3 Bh3 17. Rfc1 f6 18. Nd7 Bxd7 19. Bxd7 Nf3+ 20. Kh1 Qg4
21. Bxg4 Ng5 22. Qxc7 Rf7 23. Qxf7+ Kxf7 24. Rc7+ Kf8 25. Rac1 b6 26. Rc8+ Rxc8 27. Rxc8+ Kf7 28. Rc7+ Kg6 29. Rxa7 Nh3 30. Bxh3 h6
31. e4 b5 32. Bf5+ Kg5 33. f4+ Kh5 34. Rxg7 b4 35. Bg4#
1-0